000 00533nam a22001937a 4500
005 20230110121211.0
008 230110b ||||| |||| 00| 0 eng d
040 _aIN-DiNC
_cIN-DiNC
041 _dasm
082 _a615.321
_bKHA
100 _aKhanikar, Gunaram
_eauthor
245 _aSahaj labhoya bon darabar goon/
_cby Gunaram Khanikar
250 _a14th ed.
260 _aJorhat:
_bBidya bhawan,
_c2017.
300 _a240p.
650 _aNatural medicine
650 _aHerbal medicine for various diseases
942 _2ddc
_cBK
999 _c11454
_d11454